| 000 | 00326 a2200085 4500 | ||
|---|---|---|---|
| 020 | _a9780760372128 | ||
| 100 | _aChris Grimley and Kelly Harris Smith | ||
| 245 | _aUniversal Principles of Interior Design: 100 Ways to Develop Innovative Ideas, Enhance Usability, and Design Effective Solutions | ||
| 260 |
_bRockport Publishers _c2022 |
||
| 999 |
_c13307 _d13307 |
||